000 00337nam a22001457a 4500
020 _qPB.
040 _cAin Uddin
082 _a551.49
_bBER
100 _a Hölting, Bernward.
_9129898
245 _aHydrogeology /
_c Bernward Hölting.
250 _a1st ed.
260 _bSpringer,
_c2019.
300 _a357 P. ;
942 _2ddc
_cBK
999 _c614404
_d614404